Histoire par lettre - E - Statistiques

Statistiques générales
  • Ce quiz a été pris 182 fois
  • Le résultat moyen est 11 sur 15
Statistiques - réponses
Questions Réponses % Correct
Quel pays européen a colonisé la majorité du territoire américain ? Espagne
96%
Quel pays est connu pour ses pyramides et ses pharaons ? Egypte
94%
Dans quel palais le Président de la République française réside-t-il ? Elysée
91%
Quel titre ont en commun Napoléon Bonaparte et Charlemagne ? Empereur
91%
Quel signe distinctif a été mis en place par les nazis pour identifier les personnes juives ? Etoile Jaune
89%
Quel édifice religieux est commandité par le clergé ? Eglise
88%
Dans quelle ville ont été signés les accords de fin de guerre d'Algérie ? Evian
82%
Quelle reine d'Angleterre a connu le plus long règne du pays ? Elizabeth II
79%
Quel pays était anciennement appelé Swaziland ? Eswatini
75%
Quel est le prénom du Che Guevara ? Ernesto
72%
Quel acte législatif émanait des Rois de France ? Edit
68%
Quel inventeur est le fondateur de la General Electric ? Thomas Edison
63%
Quel dialecte, basé sur des langues romanes ne s'est pas imposé dans l'optique d'instaurer une langue internationale ? Espéranto
62%
Quel préfet de Paris a laissé son nom à l'endroit où l'on jette les déchets ? Eugène Poubelle
60%
Quelle action religieuse marque la conversion personnelle et collective des hommes, de leurs activités, de leur vie et de leur milieu ? Evangélisation
14%
Aucun quiz correspondant
Distribution des résultats
% des personnes avec chaque résultat
Percentile par nombre de réponses
Votre historique - résultats
Vous n’avez pas pris ce quiz